000 00567nam a2200181Ia 4500
999 _c3684
_d3684
003 GBCCL
005 20241126110500.0
008 171201b xxu||||| |||| 00| 0 eng d
040 _cgbc
082 _aVER 226.507
_bLAN
100 _aLangzakham, Sonna
_97300
245 _aTanchin hoih Johan gelh Hilhchetna Bung 1-10 /
_cSonna Langzakham
260 _bEvangelical Baptist Convention,
_aNew Lamka:
_c2016
300 _a160p.;
_c23 cm.
440 _aSaptuam' Laisiangthou Hilhchetna
_97247
650 _aBible
_vNew Testament
_vJohn
_xCommentary
_97301
942 _2ddc
_cBK
_06